00644nam a2200205 a 450000100060000000300090000600500170001500800410003202000140007304000280008708200130011510000290012824500310015726000350018830000080022365000300023194200120026199900170027395201480029014142CO-ViMGA20230915230801.0141112s2004 ck r 000 u spa d a84722394X aCO-ViMGAbspacCO-ViMGA04a928 B6741 aVazquez, Maria E.91275210aBorges esplendor y derrota aBarcelona : bTusquets, c1996 a25414aBORGES, JORGE LUIS912753 2ddccBK c24841d24841 00102ddc40708003aMEVIECARbMEVIECARd2015-12-04hVolumen. 1 | 11/jun/2009l0o928 B674 p14142r2015-12-04 00:00:00tEj. 1w2015-12-04yBK